Sports Quiz

Random Sports or Soccer Quiz
Score 0/16 Timer 10:00
1 Play Today
Clube % Correct
sport
100%
Vitória
100%
sport
100%
Bahia
100%
Bahia
100%
Sport
100%
Bahia
100%
Fortaleza
97%
Clube % Correct
Ceará
93.9%
Santa Cruz
93.9%
Sampaio Corrêa
81.8%
Campinense
60.6%
América de Natal
24.2%
Vitória
21.2%
Vitória
21.2%
Vitória
21.2%
Remove Ads.
Support Sporcle.
Get the best of Sporcle when you Go Orange. This ad-free experience offers more features, more stats, and more fun while also helping to support Sporcle. Thank you for becoming a member.

You're not logged in!

Compare scores with friends on all Sporcle quizzes.
OR
Log In

Sporcle TV

Today on Sporcle TV


Watch our educational content, quiz creation guides, and fun videos on Sporcle TV.

Show Comments

Extras

Top Quizzes Today


Score Distribution

Paid Content

Your Account Isn't Verified!

In order to create a playlist on Sporcle, you need to verify the email address you used during registration. Go to your Sporcle Settings to finish the process.

Report this User

Report this user for behavior that violates our Community Guidelines.

Details: